<?xml version="1.0" encoding="UTF-8"?>
<record
    xmlns:xsi="http://www.w3.org/2001/XMLSchema-instance"
    xsi:schemaLocation="http://www.loc.gov/MARC21/slim http://www.loc.gov/standards/marcxml/schema/MARC21slim.xsd"
    xmlns="http://www.loc.gov/MARC21/slim">

  <leader>00605nam a22001577a 4500</leader>
  <controlfield tag="008">090812t        xxu||||| |||| 00| 0 eng d</controlfield>
  <datafield tag="040" ind1=" " ind2=" ">
    <subfield code="a">EG-ScBUE</subfield>
    <subfield code="c">EG-ScBUE</subfield>
  </datafield>
  <datafield tag="082" ind1=" " ind2=" ">
    <subfield code="a">303.4840962</subfield>
    <subfield code="b">&#x642; &#x631; &#x646;</subfield>
    <subfield code="2">22</subfield>
  </datafield>
  <datafield tag="245" ind1=" " ind2=" ">
    <subfield code="a">&#x62A;&#x62C;&#x62F;&#x64A;&#x62F; &#x627;&#x644;&#x641;&#x643;&#x631; &#x627;&#x644;&#x645;&#x635;&#x631;&#x649; &#x639;&#x646;&#x62F; &#x642;&#x627;&#x633;&#x645; &#x623;&#x645;&#x64A;&#x646;/</subfield>
    <subfield code="c">&#x639;&#x632;&#x62A; &#x642;&#x631;&#x646;&#x649;</subfield>
  </datafield>
  <datafield tag="260" ind1=" " ind2=" ">
    <subfield code="a">&#x627;&#x644;&#x642;&#x627;&#x647;&#x631;&#x629;:</subfield>
    <subfield code="b">&#x627;&#x644;&#x647;&#x64A;&#x626;&#x629; &#x627;&#x644;&#x639;&#x627;&#x645;&#x629; &#x644;&#x642;&#x635;&#x648;&#x631; &#x627;&#x644;&#x62B;&#x642;&#x627;&#x641;&#x629;&#x60C;</subfield>
    <subfield code="c">1999</subfield>
  </datafield>
  <datafield tag="300" ind1=" " ind2=" ">
    <subfield code="a">&#x61B;322 &#x635;</subfield>
    <subfield code="c">20 &#x633;&#x645;</subfield>
  </datafield>
  <datafield tag="490" ind1=" " ind2=" ">
    <subfield code="a">&#x645;&#x637;&#x628;&#x648;&#x639;&#x627;&#x62A; &#x627;&#x644;&#x647;&#x64A;&#x626;&#x629; &#x627;&#x644;&#x639;&#x627;&#x645;&#x629; &#x644;&#x642;&#x635;&#x648;&#x631; &#x627;&#x644;&#x62B;&#x642;&#x627;&#x641;&#x629;</subfield>
    <subfield code="v">&#x61B; 47</subfield>
  </datafield>
  <datafield tag="650" ind1=" " ind2=" ">
    <subfield code="9">8438</subfield>
    <subfield code="a">&#x627;&#x644;&#x645;&#x635;&#x644;&#x62D;&#x648;&#x646; &#x627;&#x644;&#x645;&#x635;&#x631;&#x64A;&#x648;&#x646;</subfield>
    <subfield code="2">BUEsh</subfield>
  </datafield>
  <datafield tag="651" ind1=" " ind2=" ">
    <subfield code="2">BUEsh</subfield>
  </datafield>
  <datafield tag="942" ind1=" " ind2=" ">
    <subfield code="2">ddc</subfield>
    <subfield code="c">BB</subfield>
  </datafield>
  <datafield tag="999" ind1=" " ind2=" ">
    <subfield code="c">12573</subfield>
    <subfield code="d">12573</subfield>
  </datafield>
  <datafield tag="952" ind1=" " ind2=" ">
    <subfield code="0">0</subfield>
    <subfield code="1">0</subfield>
    <subfield code="2">ddc</subfield>
    <subfield code="4">0</subfield>
    <subfield code="7">0</subfield>
    <subfield code="8">Alef-Baa</subfield>
    <subfield code="a">MAIN</subfield>
    <subfield code="b">MAIN</subfield>
    <subfield code="c">2ND</subfield>
    <subfield code="d">2009-08-12</subfield>
    <subfield code="e">Purchase</subfield>
    <subfield code="o">303.4840962 &#x642; &#x631; &#x646;</subfield>
    <subfield code="p">000017650</subfield>
    <subfield code="r">2025-07-15 00:00:00</subfield>
    <subfield code="y">BB</subfield>
  </datafield>
  <datafield tag="952" ind1=" " ind2=" ">
    <subfield code="0">0</subfield>
    <subfield code="1">0</subfield>
    <subfield code="2">ddc</subfield>
    <subfield code="4">0</subfield>
    <subfield code="7">0</subfield>
    <subfield code="8">Alef-Baa</subfield>
    <subfield code="a">MAIN</subfield>
    <subfield code="b">MAIN</subfield>
    <subfield code="c">2ND</subfield>
    <subfield code="d">2009-09-09</subfield>
    <subfield code="e">Purchase</subfield>
    <subfield code="o">303.4840962 &#x642; &#x631; &#x646;</subfield>
    <subfield code="p">000018279</subfield>
    <subfield code="r">2025-07-15 00:00:00</subfield>
    <subfield code="y">BB</subfield>
  </datafield>
</record>
